| 000 | 00631cam a22002174a 4500 | ||
|---|---|---|---|
| 999 |
_c5543 _d5543 |
||
| 003 | OSt | ||
| 005 | 20220420094359.0 | ||
| 008 | 220420b ||||| |||| 00| 0 eng d | ||
| 020 | _a9780558655033 | ||
| 040 | _cALUPE UNIVERSITY | ||
| 050 |
_aRA776 _b.D63 1999 |
||
| 100 | 1 |
_aDonatelle, Rebecca J., _d1950- |
|
| 245 | 1 | 0 |
_aHealth : _bthe basics / _cRebecca J. Donatelle. |
| 250 | _a5th ed. | ||
| 260 |
_aSan Francisco, CA : _bBenjamin Cummings, _c2003. |
||
| 300 |
_axvii, 494 p. : _bcol. ill. ; _c27 cm. |
||
| 504 | _aIncludes bibliographical references and index. | ||
| 650 | 0 | _aHealth. | |
| 930 | 1 | _hRA776 | |
| 942 |
_2lcc _cBK _nMM |
||